000 00617cam a2200217 i 4500
001 19189652
005 20240613023016.0
008 160725s2017 cau b 001 0 eng
020 _a9789385985775
040 _aDLC
_beng
_cDLC
_erda
_dDLC
082 0 0 _a362.88
_223
_bCYB
100 1 _aHalder, Debarati,
100 1 _aJaishankar, K.,
245 1 0 _aCyber crimes against women in India /
_cDebarati Halder, K. Jaishankar.
260 _aNew Delhi
_bSAGE Publlication india Pvt Ltd
_c2017
300 _axvi, 252 pages ;
650 0 _aComputer crimes
650 0 _aWomen
650 0 _aInternet and women
942 _cL
999 _c5896
_d5896